Discurso canónico-legal sobre los nombramientos de gobernadores hechos por los cabildos en los presentados por S.M. para Obispos de sus iglesias / (Record no. 154570)

MARC details
000 -LEADER
campo de control de longitud fija 00885nam a2200205 i 4500
001 - NÚMERO DE CONTROL
campo de control 154570
003 - IDENTIFICADOR DE NÚMERO DE CONTROL
campo de control ES-MaACL
005 - FECHA Y HORA DE LA ÚLTIMA TRANSACCIÓN
campo de control 20250830033358.0
008 - DATOS DE LONGITUD FIJA--INFORMACIÓN GENERAL
campo de control de longitud fija 940202s1839 sp |||| | spa d
040 ## - FUENTE DE CATALOGACIÓN
Centro catalogador/agencia de origen CAM
Lengua de catalogación spa
100 1# - ENTRADA PRINCIPAL--NOMBRE DE PERSONA
Nombre de persona González Vallejo, Pedro,
Fechas asociadas al nombre 1770-1842
9 (RLIN) 127432
245 10 - MENCIÓN DEL TÍTULO
Título Discurso canónico-legal sobre los nombramientos de gobernadores hechos por los cabildos en los presentados por S.M. para Obispos de sus iglesias /
Mención de responsabilidad, etc. Pedro González de Vallejo...
260 ## - PUBLICACIÓN, DISTRIBUCIÓN, ETC.
Lugar de publicación, distribución, etc. Madrid :
Nombre del editor, distribuidor, etc. [s.n.],
Fecha de publicación, distribución, etc. 1839 (
Fabricante Imp. José María Repullés)
300 ## - DESCRIPCIÓN FÍSICA
Extensión 274, [2] p. ;
Dimensiones 22 cm.
650 #7 - PUNTO DE ACCESO ADICIONAL DE MATERIA--TÉRMINO DE MATERIA
Término de materia o nombre geográfico como elemento de entrada Obispos-
Subdivisión general Nominación y elección
Fuente del encabezamiento o término
9 (RLIN) 170354
650 #4 - PUNTO DE ACCESO ADICIONAL DE MATERIA--TÉRMINO DE MATERIA
Término de materia o nombre geográfico como elemento de entrada Vicarios capitulares.
9 (RLIN) 170355
651 #4 - PUNTO DE ACCESO ADICIONAL DE MATERIA--NOMBRE GEOGRÁFICO
Nombre geográfico Toledo-
Subdivisión general Historia eclesiástica.
9 (RLIN) 168543
852 ## - LOCALIZACIÓN
Ubicación ES-MaACL
Número de control de estantería T-190-F-2
Nota libre -- Enc. hol., falto de la cub. original
-- -- Enc. en un vol. facticio
Holdings
Estatus retirado Estado de pérdida Estado de daño No para préstamo Colección Biblioteca de origen Biblioteca actual Ubicación en estantería Fecha de adquisición Total de préstamos Signatura topográfica completa Código de barras Visto por última vez Precio de reemplazo Tipo de ítem Koha
        Colección de folletos Biblioteca del Ateneo de Madrid Biblioteca del Ateneo de Madrid Depósito folletos 17/01/2008   T-190-F-2 1161660 23/02/2023 23/02/2023 Folleto